|
|
|
|
| LEADER |
00000nab a2200000 a 4500 |
| 001 |
vtls000277037 |
| 003 |
SK-MaSNL |
| 005 |
20260304232640.0 |
| 008 |
250422c1987 xo 0 slo |
| 015 |
|
|
|a SNBRB19rr/mm-uuuuu
|
| 035 |
|
|
|a CL0287155
|
| 035 |
|
|
|a urn:nbn:sk:snk-abankq
|
| 035 |
|
|
|a (urnnbn)urn:nbn:sk:snk:ar-a0a57v
|
| 035 |
|
|
|a (uuid)d812e8d2-f909-4cc2-8c3a-4c9cb1c9847d
|
| 040 |
|
|
|a SNKBUCL
|b slo
|c SNKBUCL
|e AACR2
|
| 041 |
0 |
|
|a slo
|
| 044 |
|
|
|a xo
|c SK
|
| 080 |
|
|
|a 543.54:541.183
|2 1981
|
| 080 |
|
|
|a 541.183
|2 1981
|
| 100 |
1 |
|
|a Soják, Ladislav,
|d 1935-
|4 aut
|9 228617
|
| 245 |
1 |
0 |
|a Zhodnotenie vplyvu adsorpcie na fázových rozhraniach chromatografie plyn-kvapalina na delenie, identifikáciu a fyzikálnochemické meranie
|c Ladislav Soják, V. G. Berezkin
|
| 300 |
|
|
|b Obr. 1. Tb. 4. Grafy 7. Sch. 2., lit. 70 zázn. v slov., ruš., angl.
|
| 650 |
0 |
7 |
|a plynová chromatografia
|2 snkbucl
|9 29309
|
| 650 |
0 |
7 |
|a adsorpcia
|2 snkbucl
|9 20961
|
| 655 |
|
7 |
|a články z novín a časopisov
|2 snkbucl
|9 267496
|
| 700 |
1 |
|
|a Berezkin, Viktor Grigorievič,
|d 1931-2021
|4 aut
|9 189822
|
| 773 |
0 |
|
|t Ropa a uhlie
|g Roč. 29, č. 3 (1987), s. 138-154
|
| 850 |
|
|
|a Slovenská národná knižnica
|
| 852 |
|
|
|a Slovenská národná knižnica
|
| 958 |
|
|
|a article14
|
| 958 |
|
|
|a OND
|
| 958 |
|
|
|a NB
|
| 958 |
|
|
|a RK
|
| 958 |
|
|
|a EUIPO
|
| 992 |
|
|
|a RBX
|
| 999 |
|
|
|c 3194875
|d 3196805
|